| 000 | 00613nam a2200205Ii 4500 | ||
|---|---|---|---|
| 003 | JO-AjNU | ||
| 008 | 230606s9999||||xx |||||||||||||| ||und|| | ||
| 020 | _a0-440-32491-2 | ||
| 040 |
_aJO-AjNU _beng _erda _cJO-AjNU |
||
| 041 | _aeng | ||
| 050 | 1 | 4 | _aPS634.H4 1977 |
| 100 | 3 |
_aStrasberg, Lee, _eauthor _95566 |
|
| 245 | 0 | 0 | _aFamous American Plays of the 1950s: the Laurel Drama Series |
| 264 | 3 | 1 | _aNew York: Dell Publishing Co , 1977 |
| 300 | _a415P | ||
| 336 |
_atext _btxt _2rdacontent |
||
| 337 |
_aunmediated _bn _2rdamedia |
||
| 338 |
_avolume _bnc _2rdacarrier |
||
| 650 | 4 |
_aEnglish Drama- Plays _95567 |
|
| 999 |
_aE2880 _c2878 _d2878 |
||